| 000 | 01476cpcaa2200325 i 4500 | ||
|---|---|---|---|
| 001 | mm 82040790 | ||
| 003 | DLC | ||
| 005 | 20260227111714.0 | ||
| 008 | 821109|||||||||||| eng | ||
| 010 | _amm 82040790 | ||
| 040 |
_aDLC _cDLC _dDLC _beng _edacs |
||
| 041 |
_aeng _arus |
||
| 072 | 7 |
_aL _2lcmd |
|
| 100 | 1 |
_aFeinberg, Charles E., _d1899-1988, _ecollector. |
|
| 245 | 0 | 0 |
_aKarl Jay Shapiro papers in the Charles E. Feinberg collection, _f1930-1963. |
| 300 |
_a170 _fitems. |
||
| 300 |
_a13 _fcontainers. |
||
| 300 |
_a6 _flinear feet. |
||
| 351 | _aArranged in 4 series. Series 1: Writings File, 1930s-1960s; Series 2: Miscellany, 1959; Series 3: Printed matter, 1940-1963; and Series 4: Addition, 1960-1963. | ||
| 506 | 0 | _aOpen to research. | |
| 520 | 8 | _aCorrespondence, writings, notebooks, printed matter, photographs, and other papers pertaining chiefly to Shapiro's poetry. | |
| 545 | 0 | _aCollector. | |
| 546 | _aCollection material in English, with Russian. | ||
| 555 | 8 | _aFinding aid available in the Library of Congress Manuscript Reading Room. | |
| 650 | 0 | _aAmerican poetry. | |
| 656 | 7 |
_aCollectors. _2itoamc |
|
| 700 | 1 |
_aShapiro, Karl Jay, _d1913-2000. _tKarl Jay Shapiro papers in the Charles E. Feinberg collection. _f1930-1963. |
|
| 999 |
_c43598 _d43598 |
||